The ABC'S of professional adjustment, management and research : (Record no. 355953)
[ view plain ]
| 000 -LEADER | |
|---|---|
| fixed length control field | 00425nam a2200121Ia 4500 |
| 008 - FIXED-LENGTH DATA ELEMENTS--GENERAL INFORMATION | |
| fixed length control field | 180219s9999 xx 000 0 und d |
| 020 ## - INTERNATIONAL STANDARD BOOK NUMBER | |
| International Standard Book Number | 971924562 |
| 100 ## - MAIN ENTRY--PERSONAL NAME | |
| Personal name | Cruz-Earnshaw, Rosalinda G. |
| 245 ## - TITLE STATEMENT | |
| Statement of responsibility, etc | Gapuz, Ray A. |
| Title | The ABC'S of professional adjustment, management and research : |
| Remainder of title | core concepts for the nurse licensure exam |
| 250 ## - EDITION STATEMENT | |
| Edition statement | 1st ed |
| 260 ## - PUBLICATION, DISTRIBUTION, ETC. (IMPRINT) | |
| Place of publication, distribution, etc | Malate City : |
| Name of publisher, distributor, etc | National book store |
| Date of publication, distribution, etc | 2004 |
| 300 ## - PHYSICAL DESCRIPTION | |
| Extent | 107 pages |
| Withdrawn status | Lost status | Damaged status | Home library | Current library | Shelving location | Date acquired | Source of acquisition | Total Checkouts | Full call number | Barcode | Date last seen | Price effective from | Koha item type |
|---|---|---|---|---|---|---|---|---|---|---|---|---|---|
| College Library | College Library | Filipiniana Section | 02/19/2018 | RT 55 .C957 2004 | c21226 | 05/08/2018 | 02/19/2018 | Books |